000 00364pab a2200145 454500
008 180718b2004 xxu||||| |||| 00| 0 eng d
100 _aEngineer, Asghar Ali
245 _aAbolishing triple Talaq: What next?
260 _c2004
300 _ap.3093-094.
362 _a10 Jul
650 _aIslamic law
773 _aEconomic and Political Weekly
909 _a61510
999 _c61510
_d61510